Floriculture fundamentals and practices / (Record no. 757129)

MARC details
000 -LEADER
fixed length control field 00342nam a22001337a 4500
020 ## - INTERNATIONAL STANDARD BOOK NUMBER
ISBN 9789390680757
082 ## - DEWEY DECIMAL CLASSIFICATION NUMBER
Classification number 635.9 LAV.F
100 ## - MAIN ENTRY--AUTHOR NAME
Personal name Laurie, Alex
245 ## - TITLE STATEMENT
Title Floriculture fundamentals and practices /
260 ## - PUBLICATION, DISTRIBUTION, ETC. (IMPRINT)
Place of publication Jaipur :
Name of publisher Hilltop publications ,
Year of publication c2024.
300 ## - PHYSICAL DESCRIPTION
Number of Pages 526 p.
942 ## - ADDED ENTRY ELEMENTS (KOHA)
Source of classification or shelving scheme Dewey Decimal Classification
Koha item type Book
Holdings
Withdrawn status Lost status Source of classification or shelving scheme Damaged status Not for loan Home Library Current Location Shelving location Date acquired Source of acquisition Full call number Accession Number Price effective from Koha item type
    Dewey Decimal Classification     Dept. of Botany Dept. of Botany General Stacks 26/02/2026 Southern book star 635.9 LAV.F BOT10950 26/02/2026 Book